Flags of Countries at the Cricket World Cup 2011 - Statistics

General Stats
  • This quiz has been taken 82 times
  • The average score is 11 of 14
Answer Stats
Picture Answer % Correct
Netherlands
98%
Sri Lanka
98%
New Zealand
95%
England
88%
Pakistan
85%
Australia
83%
Zimbabwe
81%
Canada
78%
Kenya
78%
South Africa
78%
India
75%
West Indies
73%
Bangladesh
71%
Ireland
59%
No matching quizzes found
Score Distribution
Percent of People with Each Score
Percentile by Number Answered
Your Score History
You have not taken this quiz